00910nam a2200253Ia 4500003000400000005001700004008004100021020001500062040001800077041000800095082002300103100002300126245006500149250001200214260005000226300002500276500001000301650004300311650003600354650003600390942003200426999001900458952017900477OSt20250603144710.0210716s2004 xx 000 0 und d a8178840677 cAIMIT LIBRARY aeng a006.6711 21bJAIV aJain, V K.9212613 aObject oriented advanced programming in java /cBy V K Jain. a1st ed. aNew Delhi :bCyber Tech Publications ,c2004. a475p. ;bPBc23.5 cm aVol-1 aData types variable and arrays9212614 aIntroduction to classes9212615 aPackages and interfaces9212616 2ddccBKe1stk006.6711 JAIV c186105d186105 00102ddc40708MCAaAIMITbAIMITeIntel Book Distributorsg875.00iBill no:8680; Bill dt:2004-02-02l0o006.6711 JAIVpMCA05613r2025-07-21 00:00:00v700.00w2021-07-16yBK